02877nam a2200565Ia 45000010005000000080041000050100009000460410014000550820011000692450219000802600011002993000008003105200007003186300014003256300013003396300014003526300019003666300020003856500014004056900016004197000043004357000039004787000042005179010090005599020006006499030051006559040018007069050021007249060006007459070014007519080014007659090051007799100015008309110010008459120014008559130009008699140025008789150019009039160009009229170009009319180014009409190030009545201268009849210007022529220007022599230006022669240014022729420010022869990015022965268241029s9999 xx 000 0 und d a4970 aEspañol aPSI-20 0aTrastornos De Ansiedad En Mujeres Víctimas De Violencia Doméstica Asistidas En La Unidad De Atención A La Violencia Intrafamiliar Y De Género En Santiago República Dominicana, Periodo Julio-Octubre 2011  aDuarte a100 a26 aActitudes aAnsiedad aAptitudes aCapital Humano aConducta Humana aViolencia aSintetizado easesoraViloria Santos, Juan Francisco eautoraInoa Gómez, Wilson José eautoraDomínguez Estévez, Eulalio a{"1":"Inoa Gómez","2":"Domínguez Estévez"}b{"1":"Wilson José","2":"Eulalio"} a1 a{"1":"Viloria Santos"}b{"1":"Juan Francisco"} aMaestría en aTerapia Familiar a2 aNO APLICA aNO APLICA aUniversidad Autónoma de Santo Domingo (UASD) aNULLbNULL a["1"] aNO APLICA aNULL a03 de Agosto de 2015 a31/01/17 05:01 aNULL aNULL aNO APLICA a["6","17","22","31","46"] aEl objetivo general del presente estudio buscó analizar la incidencia de los trastornos de ansiedad en mujeres víctimas de violencia doméstica asistidas en la unidad de atención a la violencia Intrafamiliar y de genero en Santiago de los Caballeros período Julio-Octubre 2011. Se realizó un estudio descriptivo, usando un diseño  no experimental con un enfoque cuantitativo. La población objeto de esta investigación está representada por las mujeres víctimas de violencia Intrafamiliar referidas por la magistrada fiscal adjunto al departamento de evaluación psicológica.Fue seleccionada una muestra que estuvo compuesta por 50 mujeres. Como instrumento se utilizó un cuestionario con preguntas cerradas y una entrevista a profundidad. Después de haber analizado los datos arrojados:Se puede concluir que, se ha alcanzado el objetivo, ya que se ha podido identificar que el trastorno de ansiedad generalizada como el principal trastorno además presentan trastornos de pánico y trastornos obsesivo (TOC)Se recomienda dar mayor atención a los resultados de los test que se le hacen a las víctimas antes de ser remitidas a la unidad. Ampliar el rango de acción y aplicar terapias enfocadas al tratamiento de los trastornos. a28 a28 a0 aNO APLICA cTesis c4970d4970